000 03244nam a22003257u 4500
001 pwiiw7281
003 OSt
005 20260517120212.0
008 250409t2025 au ||||| |||| 00| ||eng d
040 _cOSt
041 _aeng
084 _aH41
_aH54
_aH60
_2jelc
100 1 _aHeimberger, Philipp
245 1 0 _aThe new EU fiscal framework: Implications for public spending on the green and digital transition
260 _aWien :
_bWiener Institut für Internationale Wirtschaftsvergleiche (wiiw),
_c2025.
300 _a21 S.,
_b1 Figure,
_c30cm.
490 1 _awiiw Policy Notes and Reports
_v94
520 _aThis paper provides a critical assessment of the new EU fiscal framework, with a focus on its implications for public expenditure on the twin green and digital transition. According to the reformed rules, member states may commit to a package of investment and reform to extend the fiscal adjustment path from four years to a maximum of seven years, provided the European Commission agrees that the package meets predefined criteria, including the contribution to EU priorities (in particular, the European Green Deal and the EU digital strategy). However, the reformed framework does not provide any broad-based exemption for public investment in the twin transition, although the necessary large expansion in public assets is rather unlikely, given the requirement to reduce public liabilities relative to output over the medium term. This implies that, if member countries want to increase green and digital public spending, they will have to make room for it either by restraining other spending items (e.g. social protection, health or education) or by increasing taxes. A major fiscal consolidation will be required in a number of (big) euro area countries from 2025 onwards to comply with the reformed EU fiscal rules. However, the temporary exemption for additional defence spending will make the overall fiscal stance in EU countries more expansionary than it would otherwise have been. There is now a political focus in the EU on industrialisation through rearmament. The pressure to go for additional deficit-financed defence spending will, however, eventually raise the share of government interest payments in total tax revenue, and the political aversion to higher fiscal deficits must be expected to exert downward pressure on public spending on the green and digital transition. Against that background, this paper discusses three options for how to boost the fiscal space for the required additional public spending on the twin transition: implementing changes to key assumptions in the technical substructure of the new fiscal framework when it comes to assessing country-specific debt sustainability; expanding national co-financing of EU programmes; and introducing an EU investment fund for climate and digitalisation.
650 _aGreen transition
650 _adigital transition
650 _aEU fiscal rules
650 _apublic investment
650 _afiscal policy
650 _aausterity
651 _aEuropean Union
690 _aMacroeconomic Analysis and Policy
830 0 _v94
_wWIIW0000092
_twiiw Policy Notes and Reports
856 4 0 _uhttps://wiiw.ac.at/p-7281.html
942 _cP
999 _c9132
_d9132